|
|
|
|
| LEADER |
00708nam a2200205 a 4500 |
| 001 |
c000096662 |
| 003 |
CARM |
| 005 |
00000000000000.0 |
| 008 |
950922s1960 enk 00001 eng d |
| 019 |
1 |
|
|a 11855336
|5 LACONCORD2021
|
| 035 |
|
|
|a (OCoLC)30224290
|5 LACONCORD2021
|
| 040 |
|
|
|a VLINC
|c VLINC
|
| 100 |
1 |
|
|a Lester, Frank.
|
| 245 |
1 |
0 |
|a Death of a pale man /
|c by Frank Lester.
|
| 260 |
|
|
|a London :
|b Hale,
|c 1960.
|
| 300 |
|
|
|a 189 p. ;
|c 19 cm.
|
| 852 |
8 |
|
|b CARM
|h A2:AF30H0
|i A00829
|p 0099848
|f BK
|
| 082 |
0 |
4 |
|a 823.914
|2 20
|
| 999 |
f |
f |
|i a8797bc2-8f7d-5767-bfa7-670d053a6dc0
|s 050b1ed4-00ea-59b3-9e46-018e337c092e
|
| 952 |
f |
f |
|p Can circulate
|a CAVAL
|b CAVAL
|c CAVAL
|d CARM 1 Store
|e A00829
|f A2:AF30H0
|h Other scheme
|i book
|m 0099848
|